000 00613nam a22002417a 4500
003 UA-OsUOA
001 66433
007 ta
008 20091228b un ||||| |||| 00| 0 ukr d
100 _aСмолич Ю.
090 _a821.161.2
_bС51
942 _cBK
040 _aUA-OsUOA
_bukr
_cUA-OsUOA
_dUA-OsUOA
245 _aРозповідь про неспокій триває
300 _a281 с.
955 _a3
041 _aukr
080 _a821.161.2
260 _aК.
_c1969
246 3 1 _aЧ.2
_n
650 7 _a82 Література. Літературознавство
_2UDC
999 _c352464
_d352464